[Event "Coupe Fede, phase departementale"]
[Site "?"]
[Date "2003.11.23"]
[Round "?"]
[White "Soriano, Salvador"]
[Black "Carteron, Olivier"]
[Result "0-1"]
[WhiteElo "1499"]
[BlackElo "1570"]
[PlyCount "130"]

1. d4 d5 2. c4 c6 3. Nc3 Nf6 4. Bf4 e6 5. e3 Bd6 6. Bxd6 Qxd6 7. c5 Qc7 8. b4
e5 9. h3 exd4 10. Qxd4 O-O 11. Nf3 Re8 12. Bd3 Nbd7 13. e4 dxe4 14. Nxe4 Qf4
15. Nfd2 Nxe4 16. Nxe4 Nf6 17. f3 Bf5 18. O-O Bxe4 19. fxe4 Qe5 20. Qxe5 Rxe5
21. Rf4 Rd8 22. Bc2 Rd4 23. Re1 Rxb4 24. Re3 Rxc5 25. Bb3 Re5 26. Rg3 Rbxe4 27.
Rxf6 Re7 28. Rf1 c5 29. Rgf3 c4 30. Bc2 Re2 31. R3f2 b5 32. Rxe2 Rxe2 33. Rf2
Rxf2 34. Kxf2 g6 35. Be4 Kf8 36. Bb7 c3 37. Ke1 b4 38. Kd1 Ke7 39. Kc2 Kd6 40.
Be4 Kc5 41. Kb3 f5 42. Bc2 h6 43. a3 a5 44. g3 h5 45. h4 Kb5 46. Bd3+ Kc5 47.
axb4+ axb4 48. Be2 Kd4 49. Bd1 Ke3 50. Kxb4 Kf2 51. Kxc3 Kxg3 52. Kd3 Kxh4 53.
Ke3 g5 54. Kf2 g4 55. Ke3 Kg5 56. Be2 h4 57. Kf2 f4 58. Kg1 f3 59. Bf1 g3 60.
Bh3 Kf4 61. Kf1 Ke3 62. Bg4 g2+ 63. Kg1 Kf4 64. Bh3 Kg3 65. Bf5 f2# 0-1

[Event "Coupe Fede, phase departementale"]
[Site "?"]
[Date "2003.11.23"]
[Round "?"]
[White "Barnes, Pierrick"]
[Black "Chaney, Sylvain"]
[Result "1-0"]
[WhiteElo "1500"]
[BlackElo "1499"]
[PlyCount "111"]

1. e4 e5 2. Nf3 Qf6 3. d3 Bc5 4. Bg5 Qb6 5. Nxe5 Qxb2 6. Qf3 Qxe5 7. c3 Qxg5 8.
Nd2 Nc6 9. d4 Bxd4 10. cxd4 Nxd4 11. Qd3 Qc5 12. Kd1 Nh6 13. Rc1 Qd6 14. Nc4
Qf6 15. f3 g5 16. Ne3 b6 17. Nd5 Qe5 18. Nxc7+ Kf8 19. Nxa8 g4 20. Rxc8+ Kg7
21. Rxh8 Kxh8 22. f4 Qc5 23. h3 g3 24. Nc7 f5 25. Nd5 Nf7 26. Ne3 Nd6 27. exf5
N6b5 28. Qd2 Nc3+ 29. Ke1 Qb4 30. Bd3 a5 31. Nc2 Qb1+ 32. Qd1 Nxd1 33. Kd2 Nxc2
34. Rxd1 Qxa2 35. Bxc2 a4 36. Rb1 Qd5+ 37. Kc1 Qxg2 38. Bxa4 Qxh3 39. Bxd7 g2
40. Kc2 Qh2 41. Kd3 Qxf4 42. Re1 Qd6+ 43. Ke2 Qxd7 44. Kf2 Qd2+ 45. Re2 Qd5 46.
f6 Qg5 47. Re8+ Qg8 48. f7 Qxe8 49. fxe8=Q+ Kg7 50. Kxg2 h6 51. Qh5 Kh7 52. Kf3
Kg7 53. Ke4 Kh7 54. Kd4 Kg7 55. Kc4 Kh7 56. Kb5 1-0

[Event "Coupe Fede, phase departementale"]
[Site "?"]
[Date "2003.11.23"]
[Round "?"]
[White "Veyrat, Gerard"]
[Black "Doran, Niall"]
[Result "0-1"]
[WhiteElo "1150"]
[BlackElo "1510"]
[PlyCount "76"]

1. d4 Nf6 2. c4 g6 3. Nc3 Bg7 4. e3 O-O 5. Be2 d6 6. Nf3 a5 7. b3 Na6 8. Ba3 c5
9. d5 Bf5 10. O-O Ne4 11. Bb2 Bxc3 12. Bxc3 Nxc3 13. Qd2 Nxe2+ 14. Qxe2 Qd7 15.
e4 Bg4 16. Qe3 Bxf3 17. Qxf3 Nb4 18. Rfc1 Na6 19. a4 Nb4 20. Rc3 Rae8 21. h3 e6
22. dxe6 Rxe6 23. Qg4 Rfe8 24. Re3 Nc2 25. Rae1 Nxe1 26. Rxe1 Qc6 27. f3 Qb6
28. Re3 Qb4 29. f4 Rxe4 30. Rxe4 Rxe4 31. Qf3 Qe1+ 32. Kh2 Re7 33. f5 Re3 34.
Qg4 Rxb3 35. f6 Qe8 36. Qh4 Qe5+ 37. g3 Qe2+ 38. Kh1 Rb1# 0-1

[Event "Coupe Fede, phase departementale"]
[Site "?"]
[Date "2003.11.23"]
[Round "?"]
[White "Delabre, Jerome"]
[Black "Pareux, Marc"]
[Result "1-0"]
[WhiteElo "1200"]
[BlackElo "1570"]
[PlyCount "114"]

1. d4 g6 2. c4 Bg7 3. Nf3 d6 4. g3 Nc6 5. Na3 e5 6. e3 f5 7. Nc2 Nh6 8. Bg2 O-O
9. O-O e4 10. Nd2 Nf7 11. f3 exf3 12. Bxf3 Ng5 13. Bg2 Ne7 14. Ne1 c6 15. Ndf3
Nxf3+ 16. Bxf3 Kh8 17. Ng2 d5 18. cxd5 Nxd5 19. Bxd5 Qxd5 20. Nf4 Qe4 21. b3 b6
22. Qd3 Re8 23. Bd2 Qxd3 24. Nxd3 Ba6 25. Rfc1 Bxd3 26. Rxc6 Rac8 27. Rac1 Rxc6
28. Rxc6 Bh6 29. Kf2 Bb1 30. a3 Ba2 31. b4 Be6 32. Rc7 a6 33. Ra7 Bc4 34. h4 g5
35. Rb7 b5 36. Rb6 gxh4 37. Rxh6 hxg3+ 38. Kxg3 Rg8+ 39. Kf4 Rg6 40. Rh5 Bd3
41. Bc3 Kg8 42. Ke5 Rc6 43. Be1 Rc1 44. Bg3 Rc3 45. Rh6 Be4 46. Rxa6 Rxe3 47.
Bf4 Re2 48. Kf6 Rc2 49. Rb6 Rc8 50. Rxb5 Rf8+ 51. Kg5 Kg7 52. Be5+ Kf7 53. d5
Rg8+ 54. Kf4 h5 55. d6 Ke6 56. Ke3 Bd5 57. Kd4 Rg4+ 1-0

[Event "Coupe Fede, phase departementale"]
[Site "?"]
[Date "2003.11.23"]
[Round "?"]
[White "Simon, Joel"]
[Black "Benchegra, Mohamed"]
[Result "1/2-1/2"]
[WhiteElo "1630"]
[BlackElo "1499"]
[PlyCount "126"]

1. d4 Nf6 2. Nc3 d5 3. e4 Nxe4 4. Nxe4 dxe4 5. f3 Bf5 6. g4 Bg6 7. f4 e6 8. Be3
Be7 9. Ne2 Nd7 10. d5 Nf6 11. Nc3 Nxd5 12. Nxd5 Bh4+ 13. Ke2 exd5 14. f5 Qd7
15. c4 Rd8 16. Qxd5 Qxd5 17. cxd5 Rxd5 18. fxg6 hxg6 19. Rd1 Rb5 20. b3 O-O 21.
Rd7 a5 22. Kd2 Re5 23. Bc4 b5 24. Bd5 Be7 25. Rf1 Bf6 26. Bd4 Bg5+ 27. Ke2 Re7
28. Rxe7 Bxe7 29. Ke3 Bg5+ 30. Kxe4 Re8+ 31. Kd3 Re7 32. Rf3 Rd7 33. Bxf7+ Rxf7
34. Rxf7 Kxf7 35. Ke4 Ke6 36. Bxg7 c5 37. Bf8 c4 38. bxc4 bxc4 39. Kd4 c3 40.
Kxc3 Ke5 41. Kd3 Kf4 42. Bc5 Kxg4 43. Ke4 Kh3 44. Bd6 Bd2 45. Kf3 g5 46. a4 g4+
47. Ke2 Bc3 48. Kd3 Be1 49. Kc4 Bd2 50. Bc7 Be1 51. Kd5 Bb4 52. Kc4 Be1 53. Kd3
Kg2 54. Ke2 Bb4 55. Ke3 Kh3 56. Ke4 Bc3 57. Kf5 Kh4 58. Kf4 Kh3 59. Kg5 Bd2+
60. Bf4 Bb4 61. Bg3 Be7+ 62. Kf5 Ba3 63. Ke4 Bc1 1/2-1/2

[Event "Coupe Fede, phase departementale"]
[Site "?"]
[Date "2003.11.23"]
[Round "?"]
[White "Gregoire, Patrick"]
[Black "Vaughan, Luiz"]
[Result "1-0"]
[WhiteElo "1499"]
[BlackElo "1499"]
[PlyCount "63"]

1. e4 e5 2. Nf3 d6 3. Bc4 Be7 4. Nc3 Nf6 5. d4 Bg4 6. dxe5 dxe5 7. Bg5 Qxd1+ 8.
Rxd1 Bxf3 9. gxf3 c6 10. a3 O-O 11. Rg1 b5 12. Bb3 a5 13. Bh6 Ne8 14. a4 Kh8
15. Bg5 f6 16. Be3 Nd6 17. Bc5 Rd8 18. axb5 Nxb5 19. Bxe7 Rxd1+ 20. Nxd1 Nd4
21. Rg3 a4 22. Bc4 Nxc2+ 23. Kf1 Ra7 24. Bxf6 h6 25. Bxe5 Na6 26. Rg6 Kh7 27.
Rxc6 Nab4 28. Rb6 a3 29. bxa3 Rxa3 30. Rb7 h5 31. Bxg7 Kg6 32. Bf7+ 1-0

[Event "Coupe Fede, phase departementale"]
[Site "?"]
[Date "2003.11.23"]
[Round "?"]
[White "Renoud, Loic"]
[Black "Gregoire, Michele"]
[Result "0-1"]
[WhiteElo "1499"]
[BlackElo "1499"]
[PlyCount "114"]

1. e4 e5 2. Nf3 Nc6 3. Bc4 d6 4. d3 Bg4 5. h3 Bxf3 6. Qxf3 f6 7. Nc3 Nd4 8.
Qh5+ g6 9. Qd1 Qd7 10. Be3 O-O-O 11. Ne2 Nxe2 12. Qxe2 b6 13. O-O Ne7 14. a4 d5
15. exd5 Nxd5 16. Ba6+ Kb8 17. c4 Nb4 18. Rfc1 Nxa6 19. Rd1 Bc5 20. a5 Rhe8 21.
Qf3 Bxe3 22. fxe3 b5 23. Qxf6 Re6 24. Qf3 c6 25. cxb5 cxb5 26. e4 Nb4 27. Ra3
Nc2 28. Rc3 Nd4 29. Qf1 a6 30. Rd2 g5 31. Rf2 Rde8 32. Kh2 R6e7 33. Rf6 Ne6 34.
Qf2 Nd4 35. Rxa6 Re6 36. Rb6+ Rxb6 37. axb6 Qd6 38. b7 Kxb7 39. Qf7+ Re7 40.
Qf5 Nxf5 41. exf5 Rf7 42. g4 h5 43. Kg3 h4+ 44. Kf3 Qd5+ 45. Ke3 Qg2 46. b3
Qxh3+ 47. Ke4 Qxg4+ 48. Kxe5 Qxf5+ 49. Kd4 Qf6+ 50. Ke3 Qxc3 51. Ke4 Qc6+ 52.
Ke3 Re7+ 53. Kd2 Qg2+ 54. Kc3 Rc7+ 55. Kb4 Kb6 56. d4 Qd2+ 57. Ka3 Ra7# 0-1

[Event "Coupe Fede, phase departementale"]
[Site "?"]
[Date "2003.11.23"]
[Round "?"]
[White "Gaillard, Pierre"]
[Black "Desassis, Gregoire"]
[Result "1-0"]
[WhiteElo "1690"]
[BlackElo "1260"]
[PlyCount "107"]

1. e4 e6 2. d4 d5 3. exd5 exd5 4. Bd3 Bd6 5. c3 Nf6 6. Nf3 Nc6 7. O-O O-O 8.
Re1 Bg4 9. Bg5 h6 10. Bh4 Bxf3 11. Qxf3 g5 12. Bg3 Bxg3 13. hxg3 Kg7 14. Nd2
Re8 15. Nf1 Qd6 16. g4 Re6 17. Ng3 Ne7 18. Bf5 Rxe1+ 19. Rxe1 Re8 20. Bc2 Qf4
21. Qxf4 gxf4 22. Nh5+ Nxh5 23. gxh5 Kf6 24. Kh2 Rg8 25. Kh3 Nf5 26. Re5 c6 27.
Rxf5+ Ke6 28. Rxf4 Rg5 29. g4 Ke7 30. a4 a5 31. Rf5 Rg8 32. f4 Rb8 33. Kh4 b5
34. g5 hxg5+ 35. Rxg5 Kf6 36. h6 bxa4 37. Bxa4 Rxb2 38. Bxc6 Rh2+ 39. Kg3 Rxh6
40. Rxd5 Rg6+ 41. Kf3 Ke7 42. Ba4 Rh6 43. c4 Rh3+ 44. Ke4 Ke6 45. Rxa5 Rh1 46.
d5+ Kd6 47. c5+ Kc7 48. d6+ Kb8 49. Rb5+ Ka7 50. f5 Ra1 51. Ra5+ Kb7 52. Bc6+
Kxc6 53. Rxa1 f6 54. Ra5 1-0

[Event "Coupe Fede, phase departementale"]
[Site "?"]
[Date "2003.11.23"]
[Round "?"]
[White "Desassis, Maxence"]
[Black "Montroussier, Jacques"]
[Result "0-1"]
[WhiteElo "1290"]
[BlackElo "1560"]
[PlyCount "86"]

1. e4 e6 2. d4 d5 3. e5 c5 4. Nf3 Nc6 5. Bb5 Qa5+ 6. Nc3 Nge7 7. O-O a6 8.
Bxc6+ Nxc6 9. Bd2 cxd4 10. Nb1 Qb6 11. b3 Be7 12. c3 dxc3 13. Bxc3 Bd7 14. Nd4
Rc8 15. Nd2 Nxd4 16. Bxd4 Qxd4 17. Nf3 Qxd1 18. Rfxd1 Bb4 19. Rd4 Bc3 20. Rc1
Bxd4 21. Rxc8+ Bxc8 22. Nxd4 Ke7 23. f4 Bd7 24. a4 Rc8 25. a5 f6 26. g4 fxe5
27. fxe5 Rc3 28. h4 Bb5 29. h5 Rg3+ 30. Kf2 Rxg4 31. Nxb5 axb5 32. b4 Rxb4 33.
Ke3 Kf7 34. Kd3 g6 35. hxg6+ Kxg6 36. Ke3 Rc4 37. Kf3 b4 38. Ke3 b3 39. Kf3 b2
40. Kg3 b1=Q 41. Kf3 Qb3+ 42. Ke2 Rc2+ 43. Kd1 Qb1# 0-1

[Event "Coupe Fede, phase departementale"]
[Site "?"]
[Date "2003.11.23"]
[Round "?"]
[White "Megnot, Philippe"]
[Black "Guyot, Corentin"]
[Result "1-0"]
[WhiteElo "1150"]
[BlackElo "1099"]
[PlyCount "79"]

1. e4 e5 2. Nf3 Nc6 3. Bc4 Nh6 4. d3 Bb4+ 5. c3 Bc5 6. O-O f6 7. Nbd2 Qe7 8.
Nb3 d6 9. h3 Be6 10. Bb5 a6 11. Bxc6+ Bd7 12. Bxb7 Rb8 13. Bd5 Ba4 14. Re1 Rb6
15. Bd2 c6 16. Bc4 Qb7 17. d4 exd4 18. cxd4 Bb4 19. Bxb4 Rxb4 20. Nfd2 c5 21.
dxc5 dxc5 22. Qh5+ g6 23. Qxh6 Rg8 24. Bxg8 Qd7 25. Bxh7 Qd3 26. Qxg6+ Kd8 27.
Qxf6+ Kc7 28. Qe7+ Kb8 29. Qxc5 Rb5 30. Qf8+ Ka7 31. Rad1 Bxb3 32. Nxb3 Qc2 33.
Qe7+ Rb7 34. Rd7 Rxd7 35. Qxd7+ Kb8 36. e5 Qxb2 37. Nc5 Qb6 38. Rb1 Ka8 39.
Rxb6 a5 40. Qb7# 1-0

[Event "Coupe Fede, phase departementale"]
[Site "?"]
[Date "2003.11.23"]
[Round "?"]
[White "Chabas, Jean-Luc"]
[Black "Doucet, Medhi"]
[Result "0-1"]
[WhiteElo "1610"]
[BlackElo "1510"]
[PlyCount "76"]

1. e4 e5 2. Nf3 Nc6 3. Bb5 d6 4. d4 Bd7 5. d5 Nb8 6. Bxd7+ Nxd7 7. c4 c5 8. Nc3
Nb6 9. b3 Nf6 10. O-O g6 11. Re1 Bg7 12. h3 O-O 13. Be3 Nxe4 14. Nxe4 f5 15.
Nxc5 dxc5 16. Ng5 Qe7 17. Ne6 Rfc8 18. Nxg7 Qxg7 19. Qd2 Nd7 20. Bh6 Qf6 21.
Bg5 Qg7 22. Rad1 f4 23. d6 Qf7 24. a3 Kg7 25. Be7 b6 26. Qd3 h6 27. Qf3 g5 28.
Qb7 Qe6 29. Qe4 Rab8 30. Qf3 Kg6 31. Qe4+ Kg7 32. Qf3 Kg6 33. g3 h5 34. gxf4
gxf4 35. Qg2+ Kh7 36. Kh2 Rg8 37. Qe4+ Kh6 38. Rg1 Nf6 0-1

[Event "Coupe Fede, phase departementale"]
[Site "?"]
[Date "2003.11.23"]
[Round "?"]
[White "Conesa, Antoine"]
[Black "Barthelemy, Jerome"]
[Result "0-1"]
[WhiteElo "1370"]
[BlackElo "1450"]
[PlyCount "84"]

1. e4 c5 2. Nf3 e6 3. c4 Nc6 4. a3 Qc7 5. Nc3 a6 6. d3 Nf6 7. Be3 d6 8. Be2 Be7
9. Qc1 O-O 10. h3 b6 11. d4 cxd4 12. Bxd4 Nxd4 13. Nxd4 Bb7 14. Bd3 Rad8 15. b3
d5 16. cxd5 exd5 17. O-O dxe4 18. Nxe4 Qxc1 19. Raxc1 Nxe4 20. Bxe4 Bxe4 21.
Nc6 Bxc6 22. Rxc6 Bc5 23. b4 Bd4 24. Kh1 Rc8 25. Rd6 Rfd8 26. Rxd8+ Rxd8 27.
Rd1 h6 28. g3 g5 29. Kg2 f5 30. f4 gxf4 31. gxf4 Bf6 32. Rxd8+ Bxd8 33. a4 b5
34. axb5 axb5 35. Kf2 Be7 36. Ke2 Bxb4 37. Kd3 Bc5 38. Kc3 Kg7 39. h4 h5 40.
Kd3 Kf6 41. Kc3 Ke6 42. Kd3 Kd5 0-1

[Event "Coupe Fede, phase departementale"]
[Site "?"]
[Date "2003.11.23"]
[Round "?"]
[White "Desassis, Jean-Francois"]
[Black "Trottet, Francois"]
[Result "0-1"]
[WhiteElo "1300"]
[BlackElo "1500"]
[PlyCount "140"]

1. d4 Nf6 2. Nc3 d5 3. e4 dxe4 4. f3 exf3 5. Nxf3 h6 6. Bc4 e6 7. O-O c6 8. Bd3
Be7 9. Ne4 O-O 10. Nxf6+ Bxf6 11. Qe2 Nd7 12. Qe4 Re8 13. b3 Nf8 14. Qg4 e5 15.
Qh5 e4 16. Bc4 Be6 17. Ne5 Qxd4+ 18. Kh1 Qxe5 19. Qxe5 Bxe5 20. Rb1 Bxc4 21.
bxc4 Re7 22. Ba3 Rd7 23. Rfe1 Rad8 24. g3 Bd4 25. Rxe4 Ne6 26. Rbe1 c5 27. Bc1
b6 28. Rg4 g5 29. h4 Bf6 30. Kh2 Nd4 31. Rf1 Kg7 32. Bb2 Nf3+ 33. Rxf3 Bxb2 34.
hxg5 hxg5 35. Rxg5+ Kf8 36. c3 Bc1 37. Rh5 Re8 38. Rf1 Re3 39. Rxc1 Re2+ 40.
Kh3 Rxa2 41. g4 Rdd2 42. Kh4 Rh2+ 43. Kg5 Rxh5+ 44. gxh5 Kg7 45. Rd1 f6+ 46.
Kf5 Rf2+ 47. Ke6 Kh6 48. Kd6 Kxh5 49. Kc6 f5 50. Rd5 Kg4 51. Kb7 Ra2 52. Rd8 f4
53. Rg8+ Kh3 54. Rh8+ Kg3 55. Rg8+ Kf2 56. Rh8 Ra1 57. Rh7 f3 58. Rg7 Ke2 59.
Re7+ Kf1 60. Rh7 Kg2 61. Rg7+ Kf1 62. Rh7 Ke2 63. Re7+ Kd3 64. Rf7 Rf1 65. Kxa7
Kxc4 66. Kxb6 f2 67. Rf4+ Kxc3 68. Kxc5 Kd3 69. Rd4+ Ke3 70. Kd5 Rg1 0-1

[Event "Coupe Fede, phase departementale"]
[Site "?"]
[Date "2003.11.23"]
[Round "?"]
[White "Doucet, Henri"]
[Black "Mialon, Franck"]
[Result "0-1"]
[WhiteElo "1499"]
[BlackElo "1300"]
[PlyCount "52"]

1. e3 e5 2. d4 e4 3. a3 d5 4. g3 Nf6 5. Nh3 Bg4 6. Qd2 Qd7 7. Nf4 g5 8. Ng2 Bf3
9. Nc3 Qh3 10. Ne2 Bxg2 11. Ng1 Qf5 12. Bxg2 Be7 13. Bh3 g4 14. Bg2 O-O 15. Ne2
h6 16. Nf4 a5 17. Qc3 Na6 18. h3 Nb4 19. h4 Ra6 20. O-O Rc6 21. Qb3 Nxc2 22.
Rb1 Ra8 23. Qxb7 Raa6 24. Rd1 Bd6 25. Bf1 Rcb6 26. Qxb6 26... Rxb6 {
Suite illisible} 0-1

[Event "Coupe Fede, phase departementale"]
[Site "?"]
[Date "2003.11.23"]
[Round "?"]
[White "Gaillard, Pierre"]
[Black "Arnaud, Jean-Laurent"]
[Result "1-0"]
[WhiteElo "1690"]
[BlackElo "1640"]
[PlyCount "49"]

1. c4 Nf6 2. d4 d5 3. cxd5 c6 4. dxc6 Nxc6 5. Nf3 Bf5 6. e3 e6 7. Bc4 Qc7 8.
Qe2 Bd6 9. Bd2 O-O 10. Nc3 a6 11. O-O Rac8 12. Bd3 Rfe8 13. Rac1 Nd5 14. Nxd5
Bxd3 15. Nf6+ gxf6 16. Qxd3 Qe7 17. e4 Kh8 18. a3 Rcd8 19. Bc3 Bc7 20. Qe3 Rg8
21. Qh6 Rg6 22. Qh5 Rdg8 23. g3 Qf8 24. d5 Rh6 25. Bxf6+ 1-0

[Event "Coupe Fede, phase departementale"]
[Site "?"]
[Date "2003.11.23"]
[Round "?"]
[White "Carteron, Olivier"]
[Black "Montroussier, Jacques"]
[Result "1/2-1/2"]
[WhiteElo "1570"]
[BlackElo "1560"]
[PlyCount "52"]

1. d4 Nf6 2. Nf3 g6 3. Bg5 Bg7 4. e3 d5 5. Bd3 Bg4 6. O-O Nbd7 7. Re1 O-O 8. h3
Bxf3 9. Qxf3 c5 10. c3 e6 11. Nd2 Rc8 12. e4 dxe4 13. Nxe4 cxd4 14. cxd4 h6 15.
Bh4 e5 16. Rac1 Qb6 17. Nxf6+ Nxf6 18. dxe5 Rxc1 19. Rxc1 Nd7 20. b3 Nxe5 21.
Qe4 Nxd3 22. Qxd3 Re8 23. Qd7 Re6 24. Bg3 Bf6 25. Rc7 Re7 26. Qc8+ Kg7 1/2-1/2

[Event "Coupe Fede, phase departementale"]
[Site "?"]
[Date "2003.11.23"]
[Round "?"]
[White "Megnot, Philippe"]
[Black "Barnes, Pierrick"]
[Result "0-1"]
[WhiteElo "1150"]
[BlackElo "1500"]
[PlyCount "68"]

1. e4 e5 2. Nf3 d6 3. Bc4 Be7 4. h3 Nf6 5. d3 O-O 6. Bg5 c6 7. Nc3 Qc7 8. O-O
Nbd7 9. Ne2 b5 10. Bb3 Nc5 11. Ng3 Be6 12. Bxf6 Bxf6 13. Qd2 Bxb3 14. axb3 Ne6
15. Nf5 Rfd8 16. Nh2 Bg5 17. Qe2 g6 18. Ng3 Nd4 19. Qd1 d5 20. Rc1 Bxc1 21.
Qxc1 dxe4 22. Nxe4 Ne2+ 23. Kh1 Nxc1 24. Rxc1 f5 25. Ng5 Qe7 26. Ngf3 Qc5 27.
Kg1 Rxd3 28. Re1 Qxc2 29. Rxe5 Rd1+ 30. Nf1 Qxb2 31. Re7 Qxb3 32. Ng5 Rad8 33.
Ne6 Rxf1+ 34. Kxf1 Qd1# 0-1

[Event "Coupe Fede, phase departementale"]
[Site "?"]
[Date "2003.11.23"]
[Round "?"]
[White "Doucet, Medhi"]
[Black "Delabre, Jerome"]
[Result "1-0"]
[WhiteElo "1510"]
[BlackElo "1200"]
[PlyCount "79"]

1. c4 c5 2. e4 e6 3. Nc3 Nc6 4. Nf3 Nge7 5. d3 b6 6. Nb5 d5 7. Bf4 Bb7 8. Bc7
Qc8 9. Nd6+ Kd7 10. Nxc8 Nxc8 11. Bf4 Be7 12. Ne5+ Nxe5 13. Bxe5 f6 14. Bg3 Rd8
15. Qa4+ Bc6 16. Qb3 Ke8 17. Rd1 d4 18. Rb1 g6 19. Be2 f5 20. exf5 gxf5 21. Bc7
Rd7 22. Bh5+ Kf8 23. Be5 Bg5 24. f4 Bh6 25. Rg1 Ne7 26. Qd1 Ng6 27. Bxg6 hxg6
28. g4 Re8 29. Kf2 Kf7 30. g5 Bg7 31. Rg3 Rh8 32. h3 Rdd8 33. Bxg7 Kxg7 34. Qe2
Kf7 35. Qe5 Rde8 36. Qf6+ Kg8 37. Qxg6+ Kf8 38. Qf6+ Kg8 39. g6 Rf8 40. Qxe6+
1-0

[Event "Coupe Fede, phase departementale"]
[Site "?"]
[Date "2003.11.23"]
[Round "?"]
[White "Benchegra, Mohamed"]
[Black "Conesa, Antoine"]
[Result "1-0"]
[WhiteElo "1499"]
[BlackElo "1370"]
[PlyCount "63"]

1. e4 e5 2. Bc4 Nf6 3. Nf3 Nc6 4. O-O Nxe4 5. Re1 Nd6 6. Nxe5 Nxe5 7. Rxe5+ Be7
8. Bb3 O-O 9. d3 h6 10. Qg4 Bf6 11. Rh5 Qe7 12. Nd2 Qe1+ 13. Nf1 Re8 14. Rxh6
Re5 15. Rxf6 Ne8 16. Rxf7 d5 17. Rxg7+ Nxg7 18. Qg3 c6 19. h3 a5 20. Bh6 Qxf1+
21. Kxf1 Re7 22. Re1 Rf7 23. Re8+ Kh7 24. Bxg7 Rxg7 25. Qh4+ Kg6 26. Qh8 a4 27.
Bxd5 cxd5 28. Rxc8 Ra6 29. Qe8+ Kh6 30. Rc5 Rag6 31. g4 d4 32. Rh5# 1-0

[Event "Coupe Fede, phase departementale"]
[Site "?"]
[Date "2003.11.23"]
[Round "?"]
[White "Trottet, Francois"]
[Black "Gregoire, Patrick"]
[Result "1-0"]
[WhiteElo "1500"]
[BlackElo "1499"]
[PlyCount "69"]

1. e4 e5 2. Nf3 Nc6 3. Bb5 Nf6 4. O-O a6 5. Ba4 b5 6. Bb3 Na5 7. Nxe5 Nxb3 8.
axb3 Nxe4 9. Qf3 Nd6 10. Re1 Be7 11. Qxa8 f6 12. Nf3 c6 13. Qa7 O-O 14. Qe3 Rf7
15. Nc3 f5 16. d4 h6 17. Ne5 Rf8 18. Ng6 Re8 19. Nxe7+ Rxe7 20. Qxe7 Qxe7 21.
Rxe7 Kf8 22. Re5 g6 23. Bf4 Nf7 24. Re3 g5 25. Be5 d6 26. Bf6 Bd7 27. Be7+ Kg7
28. Rae1 f4 29. Rd3 Bf5 30. Rd2 h5 31. Ne4 d5 32. Nd6 g4 33. Nxf5+ Kg6 34. Nh4+
Kg7 35. Re6 1-0

[Event "Coupe Fede, phase departementale"]
[Site "?"]
[Date "2003.11.23"]
[Round "?"]
[White "Gregoire, Michele"]
[Black "Doucet, Henri"]
[Result "0-1"]
[WhiteElo "1499"]
[BlackElo "1499"]
[PlyCount "92"]

1. d4 e6 2. e4 d5 3. e5 Nc6 4. Nf3 Nge7 5. c4 dxc4 6. Bxc4 a6 7. O-O Nf5 8. Re1
Ncxd4 9. Nxd4 Qxd4 10. Qxd4 Nxd4 11. Bb3 Nxb3 12. axb3 Bb4 13. Re4 a5 14. Nc3
c6 15. Na4 O-O 16. Nb6 Rb8 17. Nxc8 Rbxc8 18. Be3 c5 19. Rc1 b6 20. f4 Rfd8 21.
Bf2 Rd2 22. Be1 Rd3 23. Bxb4 axb4 24. Ra1 g6 25. h4 Rcd8 26. Kh2 Rd1 27. Rxd1
Rxd1 28. Re2 Rd4 29. g3 Rd3 30. Rc2 Rxb3 31. Kh3 Rd3 32. Kg2 b3 33. Rc3 Rd2+
34. Kh3 Rxb2 35. h5 Rb1 36. hxg6 hxg6 37. Kg4 b2 38. Rb3 c4 39. Rxb6 c3 40. Rc6
Rc1 41. Rc8+ Kg7 42. Rb8 b1=Q 43. Rxb1 Rxb1 44. Kg5 c2 45. f5 gxf5 46. g4 c1=Q+
0-1

[Event "Coupe Fede, phase departementale"]
[Site "?"]
[Date "2003.11.23"]
[Round "?"]
[White "Pareux, Marc"]
[Black "Chabas, Jean-Luc"]
[Result "1-0"]
[WhiteElo "1570"]
[BlackElo "1610"]
[PlyCount "60"]

1. d4 d5 2. e4 c6 3. Be3 dxe4 4. Nd2 Bf5 5. f3 e6 6. fxe4 Bg6 7. Ngf3 Bb4 8. c3
Ba5 9. Bd3 Ne7 10. O-O O-O 11. Nc4 Nd7 12. Qe2 Bc7 13. Bg5 Qe8 14. Ne3 f6 15.
Bh4 Bf7 16. Rae1 Rd8 17. Qc2 e5 18. Bg3 Ng6 19. Nf5 Nb6 20. c4 Bb8 21. d5 cxd5
22. exd5 Rc8 23. b3 Nxd5 24. Qb2 Nb4 25. Bb1 Nc6 26. Bf2 Qd8 27. Rd1 Qc7 28.
Nd6 Rcd8 29. c5 Nf4 30. Qc2 Nb4 1-0

[Event "Coupe Fede, phase departementale"]
[Site "?"]
[Date "2003.11.23"]
[Round "?"]
[White "Barthelemy, Jerome"]
[Black "Simon, Joel"]
[Result "0-1"]
[WhiteElo "1450"]
[BlackElo "1630"]
[PlyCount "44"]

1. c4 d6 2. d4 Nf6 3. Nc3 g6 4. e4 Bg7 5. f3 c5 6. d5 O-O 7. Be3 a6 8. Qd2 Bd7
9. Nge2 b5 10. b3 b4 11. Nd1 Nxe4 12. fxe4 Bxa1 13. Nb2 e5 14. h4 Bg4 15. Ng3
f5 16. exf5 Bxf5 17. Nxf5 Rxf5 18. Bd3 Rf7 19. h5 Qf6 20. Bg5 Bxb2 21. Qxb2
Qxg5 22. hxg6 Qg3+ 0-1

[Event "Coupe Fede, phase departementale"]
[Site "?"]
[Date "2003.11.23"]
[Round "?"]
[White "Vaughan, Luiz"]
[Black "Desassis, Jean-Francois"]
[Result "1-0"]
[WhiteElo "1499"]
[BlackElo "1300"]
[PlyCount "67"]

1. d4 d5 2. e3 Nc6 3. Nf3 Bf5 4. a3 Nf6 5. Nbd2 e6 6. Bb5 a6 7. Bxc6+ bxc6 8.
Ne5 c5 9. dxc5 Bxc5 10. g4 Bg6 11. b4 Bd6 12. Bb2 Be4 13. Rg1 O-O 14. h4 Nd7
15. Nxd7 Qxd7 16. f3 Qd8 17. Rh1 Bg6 18. h5 Qg5 19. Nf1 Rab8 20. hxg6 fxg6 21.
Qd4 Rf7 22. Rh3 Be7 23. Qa7 Rbf8 24. Qxa6 Rxf3 25. Qxe6+ R8f7 26. Rxf3 Bf6 27.
Bxf6 gxf6 28. O-O-O Kg7 29. Rxd5 Qh4 30. Kb2 Qh1 31. Nd2 Qg2 32. a4 Qe2 33. g5
f5 34. Qe5+ 1-0

[Event "Coupe Fede, phase departementale"]
[Site "?"]
[Date "2003.11.23"]
[Round "?"]
[White "Mialon, Franck"]
[Black "Renoud, Loic"]
[Result "1-0"]
[WhiteElo "1300"]
[BlackElo "1499"]
[PlyCount "91"]

1. e4 c6 2. d4 d5 3. e5 e6 4. Nf3 h6 5. Bd3 b5 6. O-O Bb4 7. a3 Ba5 8. b4 Bb6
9. c3 Ne7 10. a4 bxa4 11. Qxa4 O-O 12. Qc2 Nf5 13. g4 Nh4 14. Bh7+ Kh8 15. Qd3
Nxf3+ 16. Qxf3 Kxh7 17. g5 g6 18. Qh3 h5 19. Nd2 Qxg5+ 20. Kh1 Qe7 21. Nf3 a5
22. Ng5+ Kh8 23. Qe3 Bb7 24. Nh3 f6 25. Qh6+ Kg8 26. Rg1 Rf7 27. exf6 Rxf6 28.
Qxh5 Kf7 29. Ng5+ Ke8 30. Qh8+ Rf8 31. Qh6 Rg8 32. Ba3 Kd7 33. b5 Qg7 34. bxc6+
Bxc6 35. Qh3 Re8 36. Rab1 Bd8 37. Qg3 Bxg5 38. Qd6+ Kc8 39. Rxg5 Qd7 40. Qc5
Rg8 41. h4 Rh8 42. Rxg6 Rxh4+ 43. Kg2 Qf7 44. Rxb8+ Rxb8 45. Qxc6+ Qc7 46. Rg8#
1-0

[Event "Coupe Fede, phase departementale"]
[Site "?"]
[Date "2003.11.23"]
[Round "?"]
[White "Gidon, Rene"]
[Black "Desassis, Gregoire"]
[Result "1-0"]
[WhiteElo "1560"]
[BlackElo "1260"]
[PlyCount "77"]

1. e4 e6 2. d4 d5 3. Nc3 Nf6 4. e5 Nfd7 5. Nf3 c5 6. Be3 Nc6 7. Be2 Qb6 8. Nb5
f6 9. exf6 Nxf6 10. dxc5 Bxc5 11. Bxc5 Qa5+ 12. c3 a6 13. Nd6+ Kd7 14. b4 Qa3
15. Qd2 b6 16. Nc4 Qa4 17. Nxb6+ Ke8 18. Nxa4 Ne4 19. Qe3 a5 20. Bd3 axb4 21.
Nb6 Nxc5 22. Qxc5 Bb7 23. Bb5 Ra5 24. Bxc6+ Bxc6 25. Qxc6+ Kf7 26. Ng5+ Kf6 27.
Nxe6 bxc3 28. Qxc3+ Kxe6 29. Qxa5 Rd8 30. Rd1 Rc8 31. O-O Kf5 32. Rxd5+ Kf6 33.
Qc3+ Kf7 34. Rd7+ Ke6 35. Re1+ Kf5 36. Rf7+ Kg5 37. Qxg7+ Kh5 38. Rf5+ Kh4 39.
Qg5# 1-0

[Event "Coupe Fede, phase departementale"]
[Site "?"]
[Date "2003.11.23"]
[Round "?"]
[White "Desassis, Maxence"]
[Black "Soriano, Salvador"]
[Result "0-1"]
[WhiteElo "1290"]
[BlackElo "1499"]
[PlyCount "70"]

1. e4 e5 2. Nf3 Nc6 3. Bc4 Nf6 4. d3 h6 5. O-O d5 6. exd5 Nxd5 7. Bxd5 Qxd5 8.
c4 Qd6 9. Nc3 a6 10. Re1 Be6 11. Be3 O-O-O 12. Ne4 Qb4 13. b3 Bf5 14. a3 Qe7
15. Nfd2 Rxd3 16. Nc5 Rd6 17. g4 Bg6 18. Nce4 Bxe4 19. Bc5 Rxd2 20. Bxe7 Rxd1
21. Raxd1 Bf3 22. Rd3 e4 23. Rd5 Bxe7 24. Rf5 f6 25. b4 Nd4 26. Rd5 Ne2+ 27.
Kf1 Bd6 28. c5 Bxh2 29. Rxe2 Bxe2+ 30. Kxe2 Re8 31. Rh5 Bf4 32. a4 Rd8 33. b5
axb5 34. axb5 Rd2+ 35. Ke1 Rc2 0-1